| 000 | 003060000a22000970004500 | ||
|---|---|---|---|
| 100 | 1 | _aRoncace, Mark | |
| 245 | 1 | 0 | _aElisha and the woman of shunem : 2 King 4.8-37 and 8.1-6 read in conjunction |
| 300 | _aNúm 91 (2000), Páginas 109-127 | ||
| 773 | 0 | _tJournal for the Study of the Old Testament | |
| 942 | _cANA | ||
| 999 |
_c54702 _d54702 |
||